Hướng dẫn làm các bài thi vào các trường Đại học môn Địa lý (1970-1978)
Bewaard in:
| Hoofdauteur: | |
|---|---|
| Formaat: | Boek |
| Taal: | Undetermined |
| Gepubliceerd in: |
Hà Nội
ĐH và THCN
1980
|
| Onderwerpen: | |
| Tags: |
Voeg label toe
Geen labels, Wees de eerste die dit record labelt!
|
| Thư viện lưu trữ: | Trung tâm Học liệu Trường Đại học Cần Thơ |
|---|
| LEADER | 00577nam a2200169Ia 4500 | ||
|---|---|---|---|
| 001 | CTU_10220 | ||
| 008 | 210402s9999 xx 000 0 und d | ||
| 082 | |a 910.076 | ||
| 082 | |b Gi105 | ||
| 100 | |a Trần Đình Gián | ||
| 245 | 0 | |a Hướng dẫn làm các bài thi vào các trường Đại học môn Địa lý (1970-1978) | |
| 245 | 0 | |c Trần Đình Gián | |
| 260 | |a Hà Nội | ||
| 260 | |b ĐH và THCN | ||
| 260 | |c 1980 | ||
| 650 | |a geography - study and teaching ( secondary ) | ||
| 980 | |a Trung tâm Học liệu Trường Đại học Cần Thơ | ||